Vista normal
Vista MARC
Entrada Nombre personal
Número de registros utilizados en: 3
001 - NÚMERO DE CONTROL
- campo de control: 65881
003 - IDENTIFICADOR DEL NÚMERO DE CONTROL
- campo de control: BNPHU
005 - FECHA Y HORA DE LA ÚLTIMA TRANSACCIÓN
- campo de control: 20240704121452.0
008 - DATOS DE LONGITUD FIJA
- campo de control de longitud fija: 200615|| aca||aabn | a|a d
040 ## - FUENTE DE LA CATALOGACIÓN
- Centro catalogador/agencia de origen: DO-SdBNP
- Lengua de catalogación: spa
- Centro/agencia transcriptor: BNPHU
- Normas de descripción: rda
100 1# - ENCABEZAMIENTO-NOMBRE DE PERSONA
- Nombre de persona: Mendoza, Pedro
- Fechas asociadas al nombre: 1946-
370 ## - LUGAR ASOCIADO
- Lugar de nacimiento: Puerto Plata (República Dominicana)
372 ## - CAMPO DE ACTIVIDAD
- Campo de actividad: Cofundador del Liceo Rubén Darío, en su tierra natal - 1963
- Campo de actividad: Profesor de Historia de la literatura dominicana ; Historia dominicana
- Campo de actividad: 1980 -Ingresa como profesor de la Universidad Católica Madre y Maestra, de Santiago de los Caballeros. por doce años
- Campo de actividad: Medico adjunto en la Unidad de Cuidados Intensivos del Hospital Regional Universitario José María Cabral y Báez.
- Campo de actividad: 1984 ingresa como profesor de Medicina a la Universidad Tecnológica de Santiago (UTESA) donde permaneció hasta el año de 2000
- Campo de actividad: En 1985 es designado coordinador de la Campaña de Educación y Prevención del VIH/SIDA hasta 1990.
- Campo de actividad: En 1996 es nombrado jefe de servicio de Cuidados Intensivos del Hospital Regional Universitario José Maria Cabral y Báez
- Campo de actividad: En 2005 nombrado director general del Hospital Docente Semma, de Santiag de los Caballeros
374 ## - OCUPACIÓN
- Ocupación: Medico
- Ocupación: Profesor
400 1# - TRAZADO DE VÉASE--NOMBRE DE PERSONA
- Nombre de persona: Mendonza, Pedro,
- Fechas asociadas al nombre: 1946-
670 ## - FUENTE DE DATOS ENCONTRADOS
- Cita de la fuente: Work cat.: (OSt)39174: Jiménez Guilamo, Francisco 65880, Cuaderno de poemas /, 2013.
670 ## - FUENTE DE DATOS ENCONTRADOS
- Cita de la fuente: Mendoza, Pedro, 1946-. Infidelidad conyugal : sus mil caras. San José de las Matas : Opus, 2024. 588 p.
